| 000 | 01778nam a22004214a 4500 | ||
|---|---|---|---|
| 001 | ebr10234683 | ||
| 003 | CaPaEBR | ||
| 006 | m u | ||
| 007 | cr cn||||||||| | ||
| 008 | 061004s2006 ne sb 000 0 eng c | ||
| 010 | _z 2006297140 | ||
| 020 | _z9004148825 (acid-free paper) | ||
| 024 | 3 | _a9789004148826 | |
| 040 |
_aCaPaEBR _cCaPaEBR |
||
| 035 | _a(OCoLC)319492641 | ||
| 050 | 1 | 4 |
_aK639.A41989 _bD38 2006eb |
| 100 | 1 |
_aDavid, Paulo, _d1962- |
|
| 245 | 1 | 0 |
_aArticle 31 _h[electronic resource] : _bthe right to leisure, play and culture / _cby Paulo David. |
| 246 | 3 | 0 | _aRight to leisure, play and culture |
| 260 |
_aLeiden ; _aBoston : _bMartinus Nijhoff Publishers, _c2006. |
||
| 300 | _a33 p. | ||
| 490 | 1 |
_aA commentary on the United Nations Convention on the Rights of the Child, _x1574-8626 |
|
| 504 | _aIncludes bibliographical references. | ||
| 533 |
_aElectronic reproduction. _bPalo Alto, Calif. : _cebrary, _d2013. _nAvailable via World Wide Web. _nAccess may be limited to ebrary affiliated libraries. |
||
| 630 | 0 | 0 |
_aConvention on the Rights of the Child _d(1989). _nArticle 31. |
| 650 | 0 | _aChildren (International law) | |
| 650 | 0 |
_aChildren _xLegal status, laws, etc. |
|
| 650 | 0 | _aChildren's rights. | |
| 650 | 0 | _aLeisure. | |
| 650 | 0 |
_aAmusements _xLaw and legislation. |
|
| 650 | 0 |
_aRecreation _xLaw and legislation. |
|
| 650 | 0 |
_aChildren _xIntellectual life. |
|
| 655 | 7 |
_aElectronic books. _2local |
|
| 710 | 2 | _aebrary, Inc. | |
| 730 | 0 | 2 |
_aConvention on the Rights of the Child _d(1989). _nArticle 31. |
| 830 | 0 | _aCommentary on the United Nations Convention on the Rights of the Child. | |
| 856 | 4 | 0 |
_uhttp://site.ebrary.com/lib/rucke/Doc?id=10234683 _zAn electronic book accessible through the World Wide Web; click to view |
| 999 |
_c38247 _d38247 |
||